00891nam a2200205 a 450000100100000000500170001000800410002704000250006808200160009311000320010924000170014124500270015825000160018526000710020130000200027250001920029204900090048495201750049399900170066800003272820200930065810.0100222s1925 dr 001 0 spa d aDO-SdBNPbspacBNPHU axxxxbR426l1 aRepública Dominicana944713a[Leyes etc.]10aLey electoral no. 386. aed. oficial aSanto Domingo :bImprenta de J. R. Vda García, Sucerores,c1925. a12 p. ;c23 cm. aDe fecha 10 de abril 1926, publicada en la Gaceta Oficial No. 3741, con las modificaciones votadas por el Congreso Nacional en las leyes Nos. 399, 1134, 1239, 1247, 34, 1362, 1403 y 1452. aBNPD 0010718PDaPDbPDcCTd2011-07-25iLF1l0oxxxx R426lp32728-10r2020-06-25w2020-06-25yLFPDzPerteneció a la biblioteca personal de Julio Ortega FrierZNo se presta c32219d32219